000 00451nmm a2200157Ia 4500
008 251105s9999||||xx |||||||||||||||||und||
020 _a9788425229077
041 _aspa
100 _aAureli, Pier Vittorio
245 0 _aMenos es suficiente
264 _a[Madrid, España] :
_bEditorial Gustavo Gili,
_c2016
300 _a47 páginas
650 _aArchitecture & Sculpture
856 _uhttps://public.digitaliapublishing.com/a/41266
942 _cCF
999 _c80323
_d80323